000 00858nam a2200241Ia 4500
001 9851
003 GE_BSU
008 181216s||||||||xx |||||||||||||| ||und||
020 _a9789941417160
040 _cGE_BSU
080 _a821.353.1.09
100 _aნიკოლეიშვილი,ავთანდილ
245 _aქართველოლოგიური ეტიუდები.წიგნი:1
245 _cრედ:ნოდარ ტაბიძე;მხატვ:.ჯავა ჭეიშვილი
260 _aქუთაისი
260 _bქუთაისის უნ-ტის გამ-ბა
260 _c2010.
300 _a548გვ;21სმ
541 _h15ლ.
653 _aქართველოლოგიური ეტიუდები
653 _aწიგნი:1
942 _cBK
999 _c43130
_d43130